000 00744 a2200193 4500
001 137405
020 _a9788522473885
040 _cLeonardo Da Vinci
041 _aPortuguês
082 _a657.48 S235c
_bS235c
100 _aSANTOS, Fernando de Almeida
_aVEIGA, Windsor Espenser
245 _aContabilidade
_bcom ênfase em micro, pequenas e médias empresas
250 _a2. ed
260 _bAtlas
_c2012
_aSão Paulo
362 _a20120000
500 _aAtualizado pela legislação até julho de 2012 (Leis n. 11.638/07, 11.941/09, LC n. 139, de 10/11/2011, e NBC TG 1000 - CPG - PME)
697 _aAdministração financeira
_aContabilidade
_aCustos
_aMicroempresas
_aEmpresas
_aLegislação
_aEmpreendedor
_aFinanças
_aFIPEN
942 _cBK
999 _c137405
_d137405